|
|
|
|
| LEADER |
00000nas a22000001a 4500 |
| 001 |
vtls010301472 |
| 003 |
SK-MaSNL |
| 005 |
20260228163234.0 |
| 008 |
110810d19561959xo mr p r 0 b0slo |
| 015 |
|
|
|a SNBDS17XX9999
|
| 015 |
|
|
|a 0578
|2 Balúnová 1945-60
|
| 038 |
|
|
|a SNKBUDS
|
| 040 |
|
|
|a SNK
|b slo
|c SNK
|e AACR2
|
| 041 |
0 |
|
|a slo
|
| 044 |
|
|
|a xo
|c SK
|
| 080 |
|
|
|a 01
|2 2001
|
| 245 |
0 |
0 |
|a Kraj pod Duklou v tlači
|b výberová bibliografia o Prešovskom kraji
|
| 260 |
|
|
|a Prešov
|b Štátna vedecká knižnica v Prešove
|b Krajská ľudová knižnica v Prešove
|c 1956-1959
|
| 300 |
|
|
|a 4 roč.
|c 15 x 20 cm
|
| 310 |
|
|
|a 1x mesačne
|
| 362 |
0 |
|
|a Č. 1 (jan. 1956)-č. 12 (1959)
|
| 500 |
|
|
|a Vych. v Prešove mesačne
|
| 500 |
|
|
|a Vyd. Štátna vedecká knižnica a Krajská ľudová knižnica v Prešove
|
| 500 |
|
|
|a Tlač. rozmnož. cyklostylom
|
| 500 |
|
|
|a Vych. od jan. 1956. Zanikol v r. 1960 následkom nového prístupu k regionálnej bibliografii, od r. 1958 aj register má priebežné stránkovanie s časopisom
|
| 505 |
8 |
0 |
|g Roč. 1956 12 č. 243 s. + reg. 24 s.
|
| 505 |
8 |
0 |
|g Roč. 1957 12 č. 201 s. + reg. 25 s
|
| 505 |
8 |
0 |
|g Roč. 1958 12 č. 186 s.
|
| 505 |
8 |
0 |
|g Roč. 1959 12 č. 249 s
|
| 650 |
0 |
7 |
|a bibliografie
|2 SNKPH
|9 266061
|
| 655 |
|
7 |
|a odborné časopisy
|2 SNKBUDS
|9 70505
|
| 710 |
2 |
|
|a Štátna vedecká knižnica v Prešove
|9 252340
|
| 710 |
2 |
|
|a Krajská ľudová knižnica (Prešov, Slovensko)
|e vydav.
|9 273438
|
| 852 |
|
|
|a SNK
|b 10000
|h ČSD 181
|
| 852 |
|
|
|a UKB
|b 300000
|h SD 7895
|
| 852 |
|
|
|a UKB
|b 300000
|h 20 D 5234
|
| 852 |
|
|
|a SVKKK
|b 900000
|h A 468
|
| 999 |
|
|
|c 9075
|d 11005
|